<?xml version="1.0" encoding="UTF-8"?><?xml-stylesheet type="text/xsl" href="static/style.xsl"?><OAI-PMH xmlns="http://www.openarchives.org/OAI/2.0/" xmlns:xsi="http://www.w3.org/2001/XMLSchema-instance" xsi:schemaLocation="http://www.openarchives.org/OAI/2.0/ http://www.openarchives.org/OAI/2.0/OAI-PMH.xsd"><responseDate>2026-06-02T18:50:28Z</responseDate><request verb="GetRecord" identifier="oai:riuma.uma.es:10630/32146" metadataPrefix="marc">https://riuma.uma.es/rest/oai/request</request><GetRecord><record><header><identifier>oai:riuma.uma.es:10630/32146</identifier><datestamp>2026-02-03T11:15:38Z</datestamp><setSpec>com_10630_2254</setSpec><setSpec>col_10630_37953</setSpec></header><metadata><record xmlns="http://www.loc.gov/MARC21/slim" xmlns:dcterms="http://purl.org/dc/terms/" xmlns:doc="http://www.lyncode.com/xoai" xmlns:xsi="http://www.w3.org/2001/XMLSchema-instance" xsi:schemaLocation="http://www.loc.gov/MARC21/slim http://www.loc.gov/standards/marcxml/schema/MARC21slim.xsd">
   <leader>00925njm 22002777a 4500</leader>
   <datafield ind2=" " ind1=" " tag="042">
      <subfield code="a">dc</subfield>
   </datafield>
   <datafield ind2=" " ind1=" " tag="720">
      <subfield code="a">García-Ruiz, Cristina</subfield>
      <subfield code="e">author</subfield>
   </datafield>
   <datafield ind2=" " ind1=" " tag="720">
      <subfield code="a">Lupión-Cobos, Teresa</subfield>
      <subfield code="e">author</subfield>
   </datafield>
   <datafield ind2=" " ind1=" " tag="720">
      <subfield code="a">Blanco-López, Ángel</subfield>
      <subfield code="e">author</subfield>
   </datafield>
   <datafield ind2=" " ind1=" " tag="260">
      <subfield code="c">2020</subfield>
   </datafield>
   <datafield ind2=" " ind1=" " tag="520">
      <subfield code="a">En este trabajo se analizan las percepciones de maestros/as de Educación Primaria en ejercicio participantes en un programa institucional de innovación educativa denominado Andalucía PROFUNDIZA, sobre el aprendizaje cooperativo y por investigación como una metodología activa en la enseñanza de las ciencias. Para la recogida de datos se ha utilizado un cuestionario adaptado del proyecto europeo PRIMAS. Los resultados obtenidos muestran que los beneficios asociados a este tipo de metodologías pueden suponer una ventaja a la hora de ser incorporadas en los proyectos PROFUNDIZA, si bien todavía requieren de un proceso de concienciación para ser implementadas por el profesorado en ejercicio</subfield>
   </datafield>
   <datafield ind1="8" ind2=" " tag="024">
      <subfield code="a">García-Ruiz, C., Lupión-Cobos, T., y Blanco-López, A. (2020). Percepciones de docentes de Educación Primaria participantes en el programa Andalucía Profundiza sobre el aprendizaje cooperativo y por investigación. Ápice. Revista de Educación Científica, 4(2), 1-15</subfield>
   </datafield>
   <datafield ind1="8" ind2=" " tag="024">
      <subfield code="a">https://hdl.handle.net/10630/32146</subfield>
   </datafield>
   <datafield ind1="8" ind2=" " tag="024">
      <subfield code="a">10.17979/arec.2020.4.2.6536</subfield>
   </datafield>
   <datafield tag="653" ind2=" " ind1=" ">
      <subfield code="a">Profesores de enseñanza primaria - Opiniones sobre innovaciones</subfield>
   </datafield>
   <datafield tag="653" ind2=" " ind1=" ">
      <subfield code="a">Enseñanza - Innovaciones</subfield>
   </datafield>
   <datafield tag="653" ind2=" " ind1=" ">
      <subfield code="a">Investigación activa en educación</subfield>
   </datafield>
   <datafield ind2="0" ind1="0" tag="245">
      <subfield code="a">Percepciones de docentes de Educación Primaria participantes en el programa Andalucía Profundiza sobre el aprendizaje cooperativo y por investigación.</subfield>
   </datafield>
</record>
</metadata></record></GetRecord></OAI-PMH>